[Event "Canadian op U1800"]
[Site "Sault Ste Marie"]
[Date "2017.07.15"]
[Round "8.46"]
[White "Benggawan, Undriadi"]
[Black "Toussaint, Claude"]
[Result "0-1"]
[WhiteElo "1639"]
[BlackElo "1516"]
[PlyCount "74"]
[EventDate "2017.07.08"]
[EventType "swiss"]
[EventRounds "9"]
[EventCountry "CAN"]
[SourceTitle "EXT 2022"]
[Source "ChessBase"]
[SourceDate "2021.10.06"]
[SourceVersion "1"]
[SourceVersionDate "2021.10.06"]
[SourceQuality "1"]

1. d4 Nf6 2. Bg5 e6 3. e4 d6 4. Nd2 Be7 5. Ngf3 0-0 6. Bd3 h6 7. Bxf6 Bxf6 8. b4 Nc6 9. c3 a6 10. h4 e5 11. d5 Ne7 12. h5 Bg4 13. Nc4 Re8 14. Ne3 Qd7 15. Be2 Bxf3 16. Bxf3 c6 17. c4 cxd5 18. cxd5 Qc7 19. Rc1 Qb6 20. Qb3 Rac8 21. 0-0 Bg5 22. Nc4 Qd8 23. Rc2 b5 24. Na5 Qb6 25. Bg4 Rxc2 26. Qxc2 Qd4 27. a3 Nxd5 28. exd5 Qxg4 29. Qc6 Qc8 30. Qxd6 e4 31. Nc6 e3 32. fxe3 Bxe3+ 33. Kh1 Qg4 34. Ne7+ Rxe7 35. Rf3 Qxh5+ 36. Rh3 Qe5 37. Qxa6 Qa1+ 0-1

[Event "Canadian op U1800"]
[Site "Sault Ste Marie"]
[Date "2017.07.08"]
[Round "1.25"]
[White "Toussaint, Claude"]
[Black "Inkpen, Wane"]
[Result "1/2-1/2"]
[WhiteElo "1516"]
[BlackElo "1696"]
[PlyCount "62"]
[EventDate "2017.07.08"]
[EventType "swiss"]
[EventRounds "9"]
[EventCountry "CAN"]
[SourceTitle "EXT 2022"]
[Source "ChessBase"]
[SourceDate "2021.10.06"]
[SourceVersion "1"]
[SourceVersionDate "2021.10.06"]
[SourceQuality "1"]

1. e4 d5 2. exd5 Qxd5 3. Nc3 Qd6 4. d4 Nf6 5. Nf3 c6 6. Be2 Bg4 7. 0-0 h6 8. Qd3 Nbd7 9. Re1 0-0-0 10. a3 e6 11. Be3 Qc7 12. b4 Bxf3 13. Bxf3 Ne5 14. Qe2 Nxf3+ 15. Qxf3 Bd6 16. g3 Nd5 17. Nxd5 exd5 18. Rab1 h5 19. Bf4 Bxf4 20. Qxf4 Qxf4 21. gxf4 Rde8 22. Re3 Rxe3 23. fxe3 Rh6 24. Kf2 Rg6 25. a4 a6 26. Rc1 b5 27. axb5 cxb5 28. Ra1 Rc6 29. Rc1 Kd7 30. Kf3 f5 31. h4 Rg6 1/2-1/2

[Event "Sherbrooke op-B"]
[Site "Sherbrooke"]
[Date "2008.05.25"]
[Round "4"]
[White "Toussaint, Claude"]
[Black "Salvas, Guy"]
[Result "1-0"]
[WhiteElo "1555"]
[BlackElo "1535"]
[PlyCount "80"]
[EventDate "2008.05.23"]
[EventType "swiss"]
[EventRounds "5"]
[EventCountry "CAN"]
[SourceTitle "EXT 2011"]
[Source "ChessBase"]
[SourceDate "2010.11.26"]
[SourceVersion "1"]
[SourceVersionDate "2010.11.26"]
[SourceQuality "1"]

1. e4 e5 2. Nf3 Nc6 3. Bb5 a6 4. Ba4 Nf6 5. 0-0 Bc5 6. c3 d6 7. d4 b5 8. Bc2 Bb6 9. h3 h6 10. Be3 0-0 11. Nbd2 Re8 12. Re1 Bb7 13. d5 Bxe3 14. dxc6 Bxd2 15. cxb7 Bxe1 16. bxa8Q Bxf2+ 17. Kxf2 Qxa8 18. Qe2 Nh5 19. a4 Nf4 20. Qe3 Qb7 21. axb5 axb5 22. Ra7 Qb8 23. Ra5 c5 24. b4 cxb4 25. cxb4 d5 26. exd5 Nxd5 27. Qc5 Rc8 28. Rxb5 Qa8 29. Qxd5 Rxc2+ 30. Kg3 Qxd5 31. Rxd5 f6 32. Rd2 Rc3 33. Kf2 Kh7 34. Rb2 g5 35. b5 Rc7 36. b6 Rb7 37. Nd2 Kg7 38. Ne4 Rb8 39. b7 Kf7 40. Nc5 Ke7 1-0

[Event "Sherbrooke op-B"]
[Site "Sherbrooke"]
[Date "2008.05.24"]
[Round "3"]
[White "Plante, Marc Eric"]
[Black "Toussaint, Claude"]
[Result "1-0"]
[WhiteElo "1736"]
[BlackElo "1555"]
[PlyCount "97"]
[EventDate "2008.05.23"]
[EventType "swiss"]
[EventRounds "5"]
[EventCountry "CAN"]
[SourceTitle "EXT 2011"]
[Source "ChessBase"]
[SourceDate "2010.11.26"]
[SourceVersion "1"]
[SourceVersionDate "2010.11.26"]
[SourceQuality "1"]

1. e4 e6 2. d4 d5 3. Nc3 Nf6 4. e5 Nfd7 5. f4 c5 6. Nf3 Nc6 7. Be3 cxd4 8. Nxd4 Bc5 9. Qd2 0-0 10. 0-0-0 a6 11. h4 Nxd4 12. Bxd4 b5 13. Qe3 Qc7 14. Bxc5 Nxc5 15. Ne2 Bb7 16. Nd4 Rac8 17. Bd3 Nxd3+ 18. Qxd3 Qc4 19. Kb1 Qxd3 20. cxd3 b4 21. Rc1 Rfe8 22. Rxc8 Rxc8 23. Rc1 Rb8 24. g3 a5 25. Nb3 Ba6 26. Nc5 Bb5 27. d4 a4 28. Nb7 Bd3+ 29. Ka1 Bc4 30. Nd6 Ba6 31. Rc7 f6 32. Re7 fxe5 33. fxe5 Rf8 34. Re8 Rxe8 35. Nxe8 Kf7 36. Nd6+ Ke7 37. Kb1 h5 38. Kc2 g6 39. a3 bxa3 40. bxa3 Kd7 41. Kc3 Be2 42. Kb4 Bd1 43. Nb5 Kc6 44. Nc3 Bb3 45. Nxa4 Bxa4 46. Kxa4 Kb6 47. Kb4 Kc7 48. Kc5 Kd7 49. a4 1-0

[Event "Sherbrooke op C"]
[Site "Sherbrooke"]
[Date "2007.05.27"]
[Round "5"]
[White "Olivier, Luc"]
[Black "Toussaint, Claude"]
[Result "1/2-1/2"]
[WhiteElo "1228"]
[BlackElo "1483"]
[PlyCount "81"]
[EventDate "2007.05.25"]
[EventType "swiss"]
[EventRounds "5"]
[EventCountry "CAN"]
[SourceTitle "EXT 2022"]
[Source "ChessBase"]
[SourceDate "2021.10.06"]
[SourceVersion "1"]
[SourceVersionDate "2021.10.06"]
[SourceQuality "1"]

1. d4 d5 2. c4 e6 3. Nc3 Nf6 4. Bg5 Be7 5. e3 0-0 6. Nf3 Nbd7 7. cxd5 exd5 8. Bd3 h6 9. Bh4 Re8 10. 0-0 a6 11. a4 c6 12. Qc2 Nf8 13. Ne5 Ng4 14. Bxe7 Qxe7 15. Nxg4 Bxg4 16. Ne2 Bxe2 17. Qxe2 Nd7 18. Qc2 Nf6 19. h3 Rac8 20. Rfc1 Qd6 21. Qc5 Qxc5 22. Rxc5 Ne4 23. Bxe4 Rxe4 24. a5 f5 25. g3 g5 26. Rac1 Ree8 27. R1c2 Rcd8 28. R5c3 Rd7 29. b4 Rde7 30. Kg2 Re4 31. Rc1 f4 32. gxf4 gxf4 33. f3 Rxe3 34. Rxe3 fxe3 35. Re1 Kg7 36. Kg3 Kg6 37. Kf4 h5 38. Rxe3 Rxe3 39. Kxe3 Kf5 40. f4 Kf6 41. Kf3 1/2-1/2